| 000 | 00566nam a2200217Ia 4500 | ||
|---|---|---|---|
| 003 | OSt | ||
| 005 | 20251216154359.0 | ||
| 008 | 210210b2012 xxu||||| |||| 00| 0 eng d | ||
| 040 | _cAL | ||
| 041 | _aKannada | ||
| 082 | _a398.2K RAGJ | ||
| 100 |
_aRA GAU _dರಾ ಗೌ _9249322 |
||
| 245 |
_aJanapada samshodhana _bಜಾನಪದ ಸಂಶೋಧನ |
||
| 260 |
_aMaisUru _bTanumanu Prakashana _c2012 |
||
| 300 | _a171 | ||
| 650 |
_asamshOdhana _9249323 |
||
| 650 |
_aJAnapada _9249324 |
||
| 690 |
_aFolklore _9249325 |
||
| 906 | _a068311 | ||
| 942 |
_2ddc _cBK |
||
| 999 |
_c152642 _d152642 |
||